| 000 | 00845nam a2200217Ia 4500 | ||
|---|---|---|---|
| 003 | GCL | ||
| 008 | 140319s9999 xx 000 0 ara d | ||
| 020 | _a7041129957 | ||
| 040 |
_aGCL / _cGCL |
||
| 082 | 0 | 4 |
_a371.227 _bف ت |
| 100 | 1 | _aفهد خليل زايد | |
| 245 | 1 | 0 |
_aالتعلم التعاونى : _bبرنامج علاجى قائم على استراتيجية / _cفهد خليل زايد |
| 250 | _aالاولى | ||
| 260 |
_aالاردن : _bدار اليازورى العلمية للنشر والتوزيع ، _c2007 |
||
| 300 |
_a352 ص ؛ _c24 سم |
||
| 650 | 0 | 4 | _aالتعليم التعاونى |
| 650 | 0 | 4 | _aالتعليم التعاونى - طرق تدريس |
| 650 | 0 | 4 | _aالتعليم التعاونى - اغراضه واهدافه |
| 650 | 0 | 4 | _aالتعليم التعاونى - تطوير |
| 942 |
_2ddc _cBK |
||
| 999 |
_c10165 _d10165 |
||